[Event "WchT Rapid"]
[Site "London"]
[Date "2025.06.13"]
[Round "9.6"]
[White "Andries, Leia"]
[Black "Lapidus, Alexey M"]
[Result "1/2-1/2"]
[WhiteElo "1708"]
[BlackElo "1884"]
[PlyCount "125"]
[EventDate "2025.06.11"]
[EventType "team-swiss"]
[EventRounds "12"]
[EventCountry "ENG"]
[SourceTitle "CB25_2025"]
[SourceDate "2025.06.18"]
[SourceVersion "1"]
[SourceVersionDate "2025.06.18"]
[SourceQuality "1"]
[WhiteTeam "Danish Futures"]
[BlackTeam "The London Legends"]
[WhiteTeamCountry "DEN"]
[BlackTeamCountry "ENG"]

1. e4 c5 2. c3 d5 3. exd5 Qxd5 4. d4 g6 5. Nf3 Bg7 6. Qb3 Nf6 7. Bc4 Qe4+ 8. Be3 0-0 9. Nbd2 Qf5 10. h3 Nc6 11. Qd1 cxd4 12. Nxd4 Nxd4 13. Bxd4 e5 14. Be3 b5 15. Bb3 Bb7 16. 0-0 Rfd8 17. Qe2 Nd5 18. Bxd5 Bxd5 19. Qxb5 Rab8 20. Qa4 Rxb2 21. Nb3 Qe6 22. Rab1 Rxb1 23. Rxb1 Rc8 24. Nc5 Qf5 25. Re1 e4 26. c4 Bc6 27. Qxa7 Qf6 28. Nd7 Qe7 29. Nb8 Qxa7 30. Bxa7 Ba8 31. c5 Bd4 32. Rd1 Be5 33. Nd7 Bg7 34. Nb6 Re8 35. Nxa8 Rxa8 36. Rd7 Rc8 37. Bb6 Bf8 38. Rd5 f5 39. a4 Kf7 40. Rd7+ Be7 41. a5 Ke6 42. Rb7 Bxc5 43. Rxh7 Bd6 44. Be3 Ra8 45. Bb6 Bb4 46. Rg7 Bxa5 47. Bxa5 Rxa5 48. Rxg6+ Kf7 49. Rb6 Ra2 50. g4 fxg4 51. hxg4 Ra4 52. Kg2 e3 53. fxe3 Rxg4+ 54. Kf3 Ra4 55. e4 Ra3+ 56. Kf4 Ra4 57. Kf5 Ra5+ 58. e5 Ke7 59. Rb7+ Ke8 60. Rh7 Ra1 61. Ke6 Ra6+ 62. Kd5 Ra5+ 63. Ke4 1/2-1/2

[Event "British Rapidplay"]
[Site "Peterborough"]
[Date "2025.03.02"]
[Round "8"]
[White "Lapidus, Alexey M"]
[Black "Surtees, Michael"]
[Result "0-1"]
[WhiteElo "1937"]
[BlackElo "2099"]
[PlyCount "156"]
[EventDate "2025.03.01"]
[EventType "swiss (rapid)"]
[EventRounds "11"]
[EventCountry "ENG"]
[SourceTitle "CB10_2025"]
[SourceDate "2025.03.05"]
[SourceVersion "1"]
[SourceVersionDate "2025.03.05"]
[SourceQuality "1"]

1. e4 a6 2. d4 h6 3. Nc3 b5 4. a3 e6 5. f4 Bb7 6. Nf3 Nf6 7. Bd3 c5 8. dxc5 Bxc5 9. h3 Qb6 10. g4 d5 11. Qe2 dxe4 12. Nxe4 Nxe4 13. Bxe4 Nd7 14. Bxb7 Qxb7 15. Be3 Rc8 16. c3 0-0 17. 0-0 Qe4 18. Rae1 Qxf4 19. Qf2 Bxe3 20. Rxe3 Nf6 21. Qe1 Qb8 22. Ne5 Qa7 23. Kh2 Nd5 24. Ref3 Qc7 25. Rxf7 Rxf7 26. Rxf7 Qd6 27. Rd7 Qf8 28. Ng6 Qf6 29. Rxd5 Qxg6 30. Rd6 Re8 31. Qe2 Qf6 32. Rxa6 Kh8 33. Kg2 Qg5 34. Rd6 Qc5 35. Rd4 e5 36. Re4 Qd5 37. Kg3 Re6 38. Qf3 Re8 39. Qe2 Re6 40. Rb4 e4 41. Rxb5 Qd6+ 42. Kg2 e3 43. Rf5 Qc6+ 44. Rf3 Qd5 45. b4 Qd2 46. Qxd2 exd2 47. Rd3 Re2+ 48. Kf3 Rh2 49. Kg3 Re2 50. a4 Re3+ 51. Rxe3 d1Q 52. a5 Qg1+ 53. Kf3 Qf1+ 54. Ke4 g5 55. Kd4 Qf4+ 56. Kd3 Qf1+ 57. Kd2 Kg7 58. Rd3 Qf2+ 59. Kd1 Kf6 60. a6 Ke5 61. b5 Ke4 62. Rd2 Qf1+ 63. Kc2 Qxb5 64. Rd4+ Ke3 65. Rd6 Qa4+ 66. Kb2 Qb5+ 67. Kc2 Qe5 68. Rxh6 Qd5 69. a7 Qa2+ 70. Kc1 Qxa7 71. Kb2 Qb7+ 72. Kc2 Qe4+ 73. Kb3 Qd5+ 74. Kb2 Kd3 75. Rh8 Qb5+ 76. Ka3 Qa5+ 77. Kb3 Qxc3+ 78. Ka4 Qxh8 0-1

[Event "British Rapidplay"]
[Site "Peterborough"]
[Date "2025.03.02"]
[Round "7"]
[White "Mihalik, Agoston"]
[Black "Lapidus, Alexey M"]
[Result "1-0"]
[WhiteElo "2140"]
[BlackElo "1937"]
[PlyCount "101"]
[EventDate "2025.03.01"]
[EventType "swiss (rapid)"]
[EventRounds "11"]
[EventCountry "ENG"]
[SourceTitle "CB10_2025"]
[SourceDate "2025.03.05"]
[SourceVersion "1"]
[SourceVersionDate "2025.03.05"]
[SourceQuality "1"]

1. e4 c5 2. Nf3 e6 3. g3 d5 4. exd5 exd5 5. d4 Nf6 6. Bg2 Be7 7. 0-0 0-0 8. Nc3 Bg4 9. h3 Bh5 10. dxc5 Bxc5 11. Bg5 Be7 12. Bxf6 Bxf6 13. Qxd5 Bxc3 14. Qxb7 Qb6 15. Qxb6 axb6 16. bxc3 Ra3 17. Rfb1 Rxc3 18. g4 Bg6 19. Rxb6 Nd7 20. Rb7 Nc5 21. Rc7 Rxc2 22. Ne5 Na4 23. Rxc2 Bxc2 24. Rc1 Bg6 25. f4 f6 26. Bd5+ Kh8 27. Nxg6+ hxg6 28. Bb3 Ra8 29. Kg2 Nb2 30. Kg3 Rd8 31. Kh4 Kh7 32. Rc2 Nd1 33. Rc1 Ne3 34. Rc3 g5+ 35. fxg5 fxg5+ 36. Kxg5 Re8 37. Kf4 Ng2+ 38. Kg3 Ne1 39. a4 Re2 40. Bd5 g6 41. h4 Nc2 42. a5 Nb4 43. Bb7 Re6 44. Rb3 Nc2 45. a6 Nd4 46. a7 Nxb3 47. a8Q Re7 48. Bd5 Nd4 49. Qg8+ Kh6 50. Qh8+ Rh7 51. Qxd4 1-0

[Event "British Rapidplay"]
[Site "Peterborough"]
[Date "2025.03.02"]
[Round "11"]
[White "Sennaroglu, Djan"]
[Black "Lapidus, Alexey M"]
[Result "0-1"]
[WhiteElo "1693"]
[BlackElo "1937"]
[PlyCount "114"]
[EventDate "2025.03.01"]
[EventType "swiss (rapid)"]
[EventRounds "11"]
[EventCountry "ENG"]
[SourceTitle "CB10_2025"]
[SourceDate "2025.03.05"]
[SourceVersion "1"]
[SourceVersionDate "2025.03.05"]
[SourceQuality "1"]

1. e4 c5 2. Nf3 e6 3. d4 cxd4 4. Nxd4 Nc6 5. Be3 Nf6 6. Nxc6 bxc6 7. Bd3 Be7 8. 0-0 d5 9. Nd2 h5 10. e5 Ng4 11. h3 Nxe5 12. Be2 h4 13. f4 Nd7 14. c4 Bc5 15. Bxc5 Nxc5 16. b4 Nd7 17. c5 a5 18. a3 Ba6 19. Bxa6 Rxa6 20. Qe2 Ra8 21. Nf3 Qf6 22. Rab1 Qc3 23. Ne5 Nxe5 24. Qxe5 Qxe5 25. fxe5 Rh5 26. bxa5 Rf5 27. Rxf5 exf5 28. Rb6 Rxa5 29. Rxc6 Rxa3 30. Rd6 Rc3 31. Rxd5 Ke7 32. Kf2 Ke6 33. Rd4 g5 34. Rd8 Kxe5 35. Rd7 Rxc5 36. Rxf7 Kf4 37. Re7 Rc2+ 38. Re2 Rxe2+ 39. Kxe2 Kg3 40. Kf1 Kh2 41. Kf2 g4 42. Kf1 g3 43. Ke2 Kxg2 44. Ke3 Kxh3 45. Kf3 g2 46. Kf2 Kh2 47. Ke2 g1Q 48. Kf3 Qg4+ 49. Kf2 Qg3+ 50. Ke2 Kg2 51. Kd2 f4 52. Ke2 Qe3+ 53. Kd1 f3 54. Kc2 f2 55. Kd1 f1Q+ 56. Kc2 Qff2+ 57. Kd1 Qee1# 0-1

[Event "British Rapidplay"]
[Site "Peterborough"]
[Date "2025.03.02"]
[Round "9"]
[White "Takvorian, Sebouh"]
[Black "Lapidus, Alexey M"]
[Result "0-1"]
[WhiteElo "1802"]
[BlackElo "1937"]
[PlyCount "112"]
[EventDate "2025.03.01"]
[EventType "swiss (rapid)"]
[EventRounds "11"]
[EventCountry "ENG"]
[SourceTitle "CB10_2025"]
[SourceDate "2025.03.05"]
[SourceVersion "1"]
[SourceVersionDate "2025.03.05"]
[SourceQuality "1"]

1. e4 c5 2. Nc3 e6 3. g3 Nc6 4. Bg2 Nge7 5. d3 d5 6. f4 g6 7. Nf3 Bg7 8. 0-0 0-0 9. e5 a6 10. g4 b5 11. Bd2 b4 12. Ne2 Qb6 13. c3 bxc3 14. bxc3 d4 15. c4 a5 16. Ng3 a4 17. h4 Bb7 18. h5 Qc7 19. Ne4 Nb4 20. Nf6+ Bxf6 21. exf6 Nc8 22. Bxb4 cxb4 23. Ne5 Ra5 24. Qe1 Bxg2 25. Kxg2 Qd8 26. g5 Qd6 27. Qg3 Ra7 28. Qh2 a3 29. Rab1 Qc5 30. Rh1 Nd6 31. hxg6 fxg6 32. Nxg6 hxg6 33. Qh8+ Kf7 34. Qg7+ Ke8 35. Qxg6+ Raf7 36. Rbe1 Kd7 37. Rh7 Qc6+ 38. Kf2 b3 39. Re2 b2 40. Rh1 Nf5 41. Rhe1 Ne3 42. Qe4 Qxe4 43. dxe4 Kd6 44. e5+ Kc5 45. g6 Rb7 46. Rb1 Nf5 47. Kf3 Kxc4 48. Rd2 Kc3 49. Ke2 Rd7 50. Rd3+ Kc2 51. Rdd1 d3+ 52. Ke1 d2+ 53. Ke2 Rh8 54. f7 Rh2+ 55. Kf3 Rd3+ 56. Kg4 Rg3# 0-1

[Event "British Rapidplay"]
[Site "Peterborough"]
[Date "2025.03.01"]
[Round "6"]
[White "Lapidus, Alexey M"]
[Black "Lebedev, Lion"]
[Result "1-0"]
[WhiteElo "1937"]
[BlackElo "2038"]
[PlyCount "33"]
[EventDate "2025.03.01"]
[EventType "swiss (rapid)"]
[EventRounds "11"]
[EventCountry "ENG"]
[SourceTitle "CB10_2025"]
[SourceDate "2025.03.05"]
[SourceVersion "1"]
[SourceVersionDate "2025.03.05"]
[SourceQuality "1"]

1. e4 e6 2. d4 d5 3. Nd2 Be7 4. Bd3 Nf6 5. e5 Nfd7 6. c3 c5 7. Ne2 Nc6 8. Nf3 0-0 9. Nf4 b6 10. a3 a5 11. Qe2 a4 12. h4 Na5 13. Bxh7+ Kxh7 14. Ng5+ Bxg5 15. hxg5+ Kg8 16. Qh5 f6 17. g6 1-0

[Event "British Rapidplay"]
[Site "Peterborough"]
[Date "2025.03.01"]
[Round "4"]
[White "Lapidus, Alexey M"]
[Black "Rogowski, Rafal"]
[Result "1-0"]
[WhiteElo "1937"]
[BlackElo "1705"]
[PlyCount "49"]
[EventDate "2025.03.01"]
[EventType "swiss (rapid)"]
[EventRounds "11"]
[EventCountry "ENG"]
[SourceTitle "CB10_2025"]
[SourceDate "2025.03.05"]
[SourceVersion "1"]
[SourceVersionDate "2025.03.05"]
[SourceQuality "1"]

1. e4 d6 2. d4 g6 3. Nc3 Bg7 4. f4 Nf6 5. Nf3 0-0 6. Bd3 Bg4 7. h3 Bxf3 8. Qxf3 Nc6 9. Be3 e5 10. fxe5 dxe5 11. d5 Nb4 12. 0-0 Nxd3 13. cxd3 h6 14. g4 Kh7 15. Ne2 Nd7 16. Ng3 f6 17. Kg2 a6 18. h4 Rc8 19. h5 g5 20. Nf5 Rf7 21. Rac1 Bf8 22. Qf2 Bb4 23. Rc2 Bf8 24. Rfc1 Bg7 25. Nd6 1-0

[Event "London Twickenham U18 op 5th"]
[Site "London"]
[Date "2023.12.02"]
[Round "1"]
[White "Lapidus, Alexey M"]
[Black "Koeung, Alexander"]
[Result "1/2-1/2"]
[WhiteElo "1511"]
[BlackElo "1108"]
[PlyCount "89"]
[EventDate "2023.12.02"]
[EventType "swiss"]
[EventRounds "5"]
[EventCountry "ENG"]
[SourceTitle "CBM 217 Extra"]
[Source "ChessBase"]
[SourceDate "2024.01.31"]
[SourceVersion "1"]
[SourceVersionDate "2024.01.31"]
[SourceQuality "1"]

1. e4 e6 2. d4 d5 3. Nd2 dxe4 4. Nxe4 Nf6 5. Bd3 Nc6 6. Nf3 h6 7. c3 Bd7 8. Bf4 Nxe4 9. Bxe4 Be7 10. Qe2 0-0 11. 0-0 Bd6 12. Bd2 Qe7 13. Rfe1 Rfe8 14. a4 f5 15. Bc2 Qf6 16. Ne5 Qe7 17. Nxd7 Qxd7 18. Bb3 Nd8 19. Qf3 Nf7 20. Bf4 c6 21. Rad1 Qc7 22. Bxd6 Qxd6 23. h4 Re7 24. Re2 Rae8 25. Rde1 g6 26. Qg3 Qxg3 27. fxg3 Nd8 28. Kf2 Kf7 29. Kf3 g5 30. g4 Kf6 31. hxg5+ hxg5 32. Bc2 f4 33. Rh1 Nf7 34. g3 e5 35. gxf4 exf4 36. Rxe7 Rxe7 37. Be4 Re8 38. Rh2 Rh8 39. Rxh8 Nxh8 40. b3 Nf7 41. Bd3 a5 42. Bc4 Nd6 43. Bd3 b6 44. Be2 c5 45. Bc4 1/2-1/2

[Event "ENG-ch U12"]
[Site "Torquay"]
[Date "2022.08.12"]
[Round "7"]
[White "Lapidus, Alexey M"]
[Black "Steiners, Emils"]
[Result "1-0"]
[WhiteElo "1300"]
[BlackElo "1686"]
[PlyCount "83"]
[EventDate "2022.08.08"]
[EventType "swiss"]
[EventRounds "7"]
[EventCountry "ENG"]
[SourceTitle "EXT 2023"]
[Source "ChessBase"]
[SourceDate "2022.10.05"]
[SourceVersion "1"]
[SourceVersionDate "2022.10.05"]
[SourceQuality "1"]

1. d4 d5 2. Bf4 Nf6 3. e3 c5 4. Nc3 a6 5. dxc5 Nc6 6. a3 e5 7. Bg5 Be6 8. b4 h6 9. Bxf6 gxf6 10. Nf3 Qd7 11. Na4 Rd8 12. Nb6 Qc7 13. Qc1 h5 14. Be2 Bh6 15. Qb2 d4 16. 0-0-0 dxe3 17. Rxd8+ Qxd8 18. fxe3 Bxe3+ 19. Kb1 Qc7 20. Rd1 0-0 21. Nd5 Bxd5 22. Rxd5 Rd8 23. Qb3 Rxd5 24. Qxd5 a5 25. c3 axb4 26. axb4 Qc8 27. Bc4 Qf5+ 28. Kb2 Qh7 29. b5 Na7 30. Qxb7 Bxc5 31. b6 Bxb6 32. Qxb6 Qe4 33. Nd2 Qxg2 34. Kc2 Nc6 35. Qc7 Qg6+ 36. Kb2 Na5 37. Qxa5 Qg2 38. Kc2 e4 39. Qd5 Qg6 40. Qxf7+ Qxf7 41. Bxf7+ Kxf7 42. Nxe4 1-0

[Event "GBR-ch U09 106th"]
[Site "Torquay"]
[Date "2019.07.27"]
[Round "5"]
[White "Jayawarna, Thisumi"]
[Black "Lapidus, Alexey M"]
[Result "0-1"]
[WhiteElo "1125"]
[BlackElo "1258"]
[PlyCount "46"]
[EventDate "2019.07.26"]
[EventType "swiss"]
[EventRounds "6"]
[EventCountry "ENG"]
[SourceTitle "EXT 2025"]
[Source "ChessBase"]
[SourceDate "2024.10.14"]
[SourceVersion "1"]
[SourceVersionDate "2024.10.14"]
[SourceQuality "1"]

1. e4 c5 2. Nf3 e6 3. d4 cxd4 4. Nxd4 a6 5. c4 Qc7 6. Nc3 Nf6 7. Be3 b6 8. Bd3 Bb7 9. 0-0 Be7 10. f4 d6 11. Qa4+ Nbd7 12. Rae1 0-0 13. b4 b5 14. Qb3 Rac8 15. Qb2 bxc4 16. Bc2 Ng4 17. Bd2 Qb6 18. Na4 Qa7 19. Kh1 Bf6 20. Bc3 e5 21. fxe5 dxe5 22. Nf5 Nf2+ 23. Rxf2 Qxf2 0-1

[Event "GBR-ch U09 106th"]
[Site "Torquay"]
[Date "2019.07.27"]
[Round "6"]
[White "Lapidus, Alexey M"]
[Black "Bird, Max"]
[Result "0-1"]
[WhiteElo "1258"]
[BlackElo "1371"]
[PlyCount "62"]
[EventDate "2019.07.26"]
[EventType "swiss"]
[EventRounds "6"]
[EventCountry "ENG"]
[SourceTitle "EXT 2025"]
[Source "ChessBase"]
[SourceDate "2024.10.14"]
[SourceVersion "1"]
[SourceVersionDate "2024.10.14"]
[SourceQuality "1"]

1. e4 c6 2. d4 d5 3. Nc3 dxe4 4. Nxe4 Bf5 5. Ng3 Bg6 6. Bc4 e6 7. N1e2 Bd6 8. h4 h6 9. h5 Bh7 10. Nf4 Qc7 11. Nfe2 Nf6 12. 0-0 0-0 13. f4 Rd8 14. c3 c5 15. Bd3 Bxd3 16. Qxd3 cxd4 17. cxd4 Nc6 18. Qc3 Bb4 19. Qc2 Rac8 20. a3 Ba5 21. Qa4 Bb6 22. Be3 Nd5 23. Bd2 Nf6 24. Be3 Ng4 25. Bd2 Nxd4 26. Kh1 Nxe2 27. Nxe2 Rxd2 28. Rac1 Qd8 29. Rxc8 Qxc8 30. Qe4 Qd8 31. Ng3 Qh4# 0-1